000
00467nam a2200169Ia 4500
008
090122s9999 xx 000 0 und d
082
_b
3102
_a
891.4683
100
_a
पेठे
_b
मेघना
245
_a
हंस अकेला
260
_b
राजहंस प्रकाशन
300
_a
158
600
_a
पेठे
630
_a
हंस अकेला
700
_a
पेठे
730
_a
हंस अकेला
942
_c
BOOK
999
_c
27180
_d
27180